000 00256cam a22000977a 4500
008 180718b1965 xxu||||| |||| 00| 0 eng d
082 _aL251x42 Un3
245 _aThe corporation tax
260 _aLondon
_bHer Majesty's Stationery Office
_c1965
300 _a44p.
999 _c500285
_d500285